El latir de los dedos / (Record no. 179970)
[ view plain ]
| 000 -LEADER | |
|---|---|
| campo de control de longitud fija | 00859nam a2200241 i 4500 |
| 001 - NÚMERO DE CONTROL | |
| campo de control | 179970 |
| 003 - IDENTIFICADOR DE NÚMERO DE CONTROL | |
| campo de control | ES-MaACL |
| 005 - FECHA Y HORA DE LA ÚLTIMA TRANSACCIÓN | |
| campo de control | 20250805025629.0 |
| 008 - DATOS DE LONGITUD FIJA--INFORMACIÓN GENERAL | |
| campo de control de longitud fija | 120308s2010 sp a |||| | spa d |
| 020 ## - NÚMERO INTERNACIONAL ESTÁNDAR DEL LIBRO | |
| Número Internacional Estándar del Libro | 978-84-9802-687-0 |
| 080 ## - NÚMERO DE LA CLASIFICACIÓN DECIMAL UNIVERSAL | |
| Número de la Clasificación Decimal Universal | 821.134.2-14"19" |
| 100 1# - ENTRADA PRINCIPAL--NOMBRE DE PERSONA | |
| Nombre de persona | Morales Vega, María Covadonga. |
| 9 (RLIN) | 143708 |
| 245 13 - MENCIÓN DEL TÍTULO | |
| Título | El latir de los dedos / |
| Mención de responsabilidad, etc. | Covadonga Morales Vega ; [ilustradora, Mª Carmen de Inés]. |
| 250 ## - MENCION DE EDICION | |
| Mención de edición | 1ª ed. |
| 260 ## - PUBLICACIÓN, DISTRIBUCIÓN, ETC. | |
| Lugar de publicación, distribución, etc. | Fuenlabrada (Madrid) : |
| Nombre del editor, distribuidor, etc. | Entrelíneas, |
| Fecha de publicación, distribución, etc. | 2010. |
| 300 ## - DESCRIPCIÓN FÍSICA | |
| Extensión | 93 p. : |
| Otras características físicas | il. ; |
| Dimensiones | 21 cm. |
| 700 1# - ENTRADA AGREGADA--NOMBRE PERSONAL | |
| Nombre de persona | Inés, María del Carmen. |
| 9 (RLIN) | 149555 |
| 700 1# - ENTRADA AGREGADA--NOMBRE PERSONAL | |
| Nombre de persona | Pikaza, Xabier, |
| Fechas asociadas al nombre | 1941- |
| 9 (RLIN) | 149556 |
| 852 ## - LOCALIZACIÓN | |
| Ubicación | ES-MaACL |
| Número de control de estantería | A-12021 |
| itemnumber | 186877 |
| Sublocalización o colección | R.146835 |
| Ubicación en estantería | Depósito 1 |
| Signatura antigua | Olim: N-5026 |
| Encuadernación | Donación: Covadonga Morales Vega |
| 903 ## - NOMBRE PERSONAL DE DONANTE | |
| 9 | 143708 |
| a | Morales Vega, María Covadonga |
| e | Donante |
| 942 ## - ELEMENTOS DE ENTRADA SECUNDARIOS (KOHA) | |
| Fuente del sistema de clasificación o colocación | Clasificación decimal universal |
| Tipo de ítem Koha | Libro impreso |
| Estatus retirado | Estado de pérdida | Fuente del sistema de clasificación o colocación | Estado de daño | No para préstamo | Biblioteca de origen | Biblioteca actual | Ubicación en estantería | Fecha de adquisición | Fuente de adquisición | Total de préstamos | Signatura topográfica completa | Código de barras | Visto por última vez | Precio de reemplazo | Tipo de ítem Koha |
|---|---|---|---|---|---|---|---|---|---|---|---|---|---|---|---|
| Clasificación decimal universal | Biblioteca del Ateneo de Madrid | Biblioteca del Ateneo de Madrid | Depósito 1 | 08/03/2012 | Donación | A-12021 | 1189075 | 23/02/2023 | 23/02/2023 | Libro impreso |
